000 00513nam a2200193 a 4500
001 4951
003 CO-ViMGA
008 141112s2004 ck r 000 u spa d
040 _aCO-ViMGA
_bspa
_cCO-ViMGA
082 0 4 _a796.8153 T745
100 1 _aTrimble, Aidan
_93131
245 1 0 _aKarate básico /
_cTrimble Aidan , Hazard Dave
260 _aBarcelona :
_bPaidotribo,
_c1994
300 _a218 p : il
490 _aArtes marciales
650 1 4 _aHazard, Dave
_93132
650 1 4 _aKARATE
_93133
942 _2ddc
_cBK
999 _c16954
_d16954